Zoología agrícola /
Guardado en:
| Autor Principal: | |
|---|---|
| Formato: | Libro |
| Publicado: |
España :
Salvat,
1959
|
| Materias: | |
| Etiquetas: |
Agregar Etiqueta
Sin Etiquetas, Sea el primero en etiquetar este registro!
|
| LEADER | 00645nam a22002055a 4500 | ||
|---|---|---|---|
| 001 | CEM.cems006678 | ||
| 005 | 20060214000000.0 | ||
| 008 | 130507s1959##################000#0#####d | ||
| 003 | CEMS | ||
| 082 | 0 | 4 | |a 590 |
| 100 | 1 | |a Wille, T. | |
| 245 | 1 | 0 | |a Zoología agrícola / |
| 260 | |a España : |b Salvat, |c 1959 | ||
| 300 | |a 502 p. | ||
| 505 | 0 | |a Estructuras y funciónes animales.- La organizaci¢n microsc¢pica.- Diversidad y clasificaci¢n de los animales.- La continuidad de la vida. | |
| 653 | |a Acaros | ||
| 653 | |a Plagas agricolas | ||
| 653 | |a Zoologia | ||
| 653 | |a Zoologia agricola | ||
| 859 | |a CEMS |b BIB. CEMS - 11 de abril |h 590 |i W665 |p 5020.76 |t Ej.1 | ||
